00518nam a2200205 a 45000010005000000030009000050080041000140400028000550820017000831000019001002450025001192500007001442600035001513000010001864900026001966500017002226500025002396500015002646500033002795054CO-ViMGA141112s2004 ck r 000 u spa d aCO-ViMGAbspacCO-ViMGA04a370.15 H177s1 aHarris, Martha10aSu hijo de 11 años a3a aBarcelona : bPaidós, c1993 a131 p aPaidós educador, 3814aADOLESCENCIA14aeducación INFANTIL14aPSICOLOGIA14aPSICOLOGIA DE LA educación